<?xml version="1.0" encoding="UTF-8"?><?xml-stylesheet type="text/xsl" href="static/style.xsl"?><OAI-PMH xmlns="http://www.openarchives.org/OAI/2.0/" xmlns:xsi="http://www.w3.org/2001/XMLSchema-instance" xsi:schemaLocation="http://www.openarchives.org/OAI/2.0/ http://www.openarchives.org/OAI/2.0/OAI-PMH.xsd"><responseDate>2026-04-18T06:30:17Z</responseDate><request verb="GetRecord" identifier="oai:riubu.ubu.es:10259/10766" metadataPrefix="marc">https://riubu.ubu.es/oai/request</request><GetRecord><record><header><identifier>oai:riubu.ubu.es:10259/10766</identifier><datestamp>2025-07-29T06:48:00Z</datestamp><setSpec>com_10259_3844</setSpec><setSpec>com_10259_5086</setSpec><setSpec>com_10259_2604</setSpec><setSpec>col_10259_7686</setSpec><setSpec>col_10259_5684</setSpec></header><metadata><record xmlns="http://www.loc.gov/MARC21/slim" xmlns:doc="http://www.lyncode.com/xoai" xmlns:xsi="http://www.w3.org/2001/XMLSchema-instance" xmlns:dcterms="http://purl.org/dc/terms/" xsi:schemaLocation="http://www.loc.gov/MARC21/slim http://www.loc.gov/standards/marcxml/schema/MARC21slim.xsd">
<leader>00925njm 22002777a 4500</leader>
<datafield tag="042" ind1=" " ind2=" ">
<subfield code="a">dc</subfield>
</datafield>
<datafield tag="720" ind1=" " ind2=" ">
<subfield code="a">Olmo Alonso, Fabiola</subfield>
<subfield code="e">author</subfield>
</datafield>
<datafield tag="720" ind1=" " ind2=" ">
<subfield code="a">Pérez Estébanez, Martín</subfield>
<subfield code="e">author</subfield>
</datafield>
<datafield tag="720" ind1=" " ind2=" ">
<subfield code="a">Heras Vidaurre, Aránzazu</subfield>
<subfield code="e">author</subfield>
</datafield>
<datafield tag="720" ind1=" " ind2=" ">
<subfield code="a">Campo García, Francisco Javier del</subfield>
<subfield code="e">author</subfield>
</datafield>
<datafield tag="720" ind1=" " ind2=" ">
<subfield code="a">Colina Santamaría, Álvaro</subfield>
<subfield code="e">author</subfield>
</datafield>
<datafield tag="260" ind1=" " ind2=" ">
<subfield code="c">2025-05-20</subfield>
</datafield>
<datafield tag="520" ind1=" " ind2=" ">
<subfield code="a">Analytical Chemistry is the science of chemical measurements that seeks to acquire the most comprehensive information about a chemical system. Recent advances in technology have facilitated the development of new combined analytical techniques capable of supplying analytical signals of different natures. These signals subsequently provide diverse information related to specific chemical reactions. This technical note proposes a new combination of three different spectroscopic techniques (UV/vis absorption spectroscopy in a parallel configuration, photoluminescence and Raman spectroscopy) with electrochemistry. To illustrate the capabilities of this new technique, two chemical systems (tris(2,2' bipyridine)ruthenium(II) and ofloxacin) were selected. A comparison of the behavior of the two molecules during the electrode process demonstrates the advantages of obtaining several signals simultaneously in a single experiment.</subfield>
</datafield>
<datafield tag="024" ind2=" " ind1="8">
<subfield code="a">OLMO ALONSO, Fabiola, Perez-Estebanez, M., Heras, A., del Campo, F. J., &amp; Colina, A. (2025). Dataset of the work “Simultaneous UV/vis Absorption in Parallel Configuration, Photoluminescence and Raman Spectroelectrochemistry” [Data set]. Universidad de Burgos. https://doi.org/10.71486/R36K-4A27</subfield>
</datafield>
<datafield tag="024" ind2=" " ind1="8">
<subfield code="a">https://hdl.handle.net/10259/10766</subfield>
</datafield>
<datafield tag="024" ind2=" " ind1="8">
<subfield code="a">10.71486/r36k-4a27</subfield>
</datafield>
<datafield ind1=" " ind2=" " tag="653">
<subfield code="a">Spectroelectrochemistry</subfield>
</datafield>
<datafield ind1=" " ind2=" " tag="653">
<subfield code="a">UV/vis absorption</subfield>
</datafield>
<datafield ind1=" " ind2=" " tag="653">
<subfield code="a">Photoluminescence</subfield>
</datafield>
<datafield ind1=" " ind2=" " tag="653">
<subfield code="a">Raman</subfield>
</datafield>
<datafield ind1=" " ind2=" " tag="653">
<subfield code="a">EC-SERS</subfield>
</datafield>
<datafield tag="245" ind1="0" ind2="0">
<subfield code="a">Dataset of the work “Simultaneous UV/vis Absorption in Parallel Configuration, Photoluminescence and Raman Spectroelectrochemistry”</subfield>
</datafield>
</record></metadata></record></GetRecord></OAI-PMH>